Fairytales Quiz - Statistics

General Stats
  • This quiz has been taken 246 times
  • The average score is 12 of 20
Answer Stats
Clue Answer % Correct
Who wore glass slippers? Cinderella
97%
And they all lived ... (3 words) Happily Ever After
96%
The ugly duckling becomes a ... Swan
93%
Which relative of Little Red Riding Hood does the wolf eat? Grandmother
86%
Brothers that are fairytale authors Grimm
79%
Vegetable placed under a princess' bed Pea
77%
Sleeping Beauty cursed to sleep for how many years? 100
75%
What does Jack trade for magic beans? Cow
73%
Rumpelstiltskin can turn what into gold? Straw
69%
Tiny girl born from a flower Thumbelina
67%
The age mermaids may first swim to the surface in The Little Mermaid 15
54%
Who ends up naked after wanting: "new clothes"? Emperor
51%
Danish fairytale author Hans Christian Anderson
51%
What is the name of the evil witch from Rapunzel? Dame Gothel
50%
Profession of Hansel and Gretel's Dad Woodcutter
44%
Snow White's Evil stepmother dies doing what? Dancing
27%
Not to be confused with Snow-White and ... Rose-Red
25%
Pied Piper of where? Hamelin
24%
Who saves Kai in the Snow Queen? Gerda
12%
The Frog Prince's faithful servant Henry
4%
No matching quizzes found
Score Distribution
Percent of People with Each Score
Percentile by Number Answered
Your Score History
You have not taken this quiz